[Event "Africa-chT rapid 13th"]
[Site "Accra"]
[Date "2024.03.09"]
[Round "4.11"]
[White "Rongwane, Gomolemo"]
[Black "Akpa, Prince"]
[Result "1-0"]
[WhiteElo "2021"]
[BlackElo "1845"]
[PlyCount "55"]
[EventDate "2024.03.09"]
[EventType "team-swiss (rapid)"]
[EventRounds "6"]
[EventCountry "GHA"]
[SourceTitle "CB11_2024"]
[SourceDate "2024.03.13"]
[SourceVersion "1"]
[SourceVersionDate "2024.03.13"]
[SourceQuality "1"]
[WhiteTeam "Botswana"]
[BlackTeam "Ghana III"]
[WhiteTeamCountry "BOT"]
[BlackTeamCountry "GHA"]

1. d4 Nf6 2. Nf3 g6 3. c4 d5 4. Nc3 Bg7 5. Qa4+ c6 6. Bf4 dxc4 7. Qxc4 0-0 8. e3 Be6 9. Qa4 Nbd7 10. Ng5 Bf5 11. e4 Nb6 12. Qd1 Bc8 13. Be2 h6 14. Nf3 g5 15. Be5 Bg4 16. h4 Bxf3 17. gxf3 Nbd7 18. hxg5 hxg5 19. Bg3 Qa5 20. Qd2 Rfd8 21. 0-0-0 Nf8 22. Kb1 Ng6 23. Rhg1 e5 24. Qxg5 Nh7 25. Qf5 Re8 26. Bc4 Qc7 27. Qxg6 b5 28. Bxe5 1-0